| 000 | 01451cam a22004457a 4500 | ||
|---|---|---|---|
| 003 | CHAP | ||
| 005 | 20220817043922.0 | ||
| 008 | 031128d2001 it rn 00110 eng d | ||
| 010 | _a87922 | ||
| 011 | _a88894 | ||
| 020 | _a9250047061 | ||
| 035 | _a99443 | ||
| 040 | _cCHAP | ||
| 082 | 0 | 4 |
_a639.2 _bF3 v.416 |
| 110 | 2 | _aFAO | |
| 245 | 1 | 0 |
_aDirectory of fisheries and aquaculture information resources in Africa _c/comp. by Jean Collins and Fodé Karim Kaba |
| 260 |
_aRome : _bFAO, _c2001. |
||
| 300 | _ap. : | ||
| 410 | 2 | 1 | _aFAO |
| 490 | 0 |
_aDocumento técnico de pesca _v; 416 |
|
| 500 | _aEd. en inglés y francés | ||
| 590 |
_aBATCH-UPD _b10 _c20130110 _lUCH01 _h0422 |
||
| 590 |
_aBATCH-UPD _b10 _c20130110 _lUCH01 _h2032 |
||
| 590 |
_aBATCH-UPD _b10 _c20130410 _lUCH01 _h0057 |
||
| 590 |
_aBATCH-UPD _b10 _c20130410 _lUCH01 _h1633 |
||
| 590 |
_aBATCH-UPD _b10 _c20130913 _lUCH01 _h2021 |
||
| 590 |
_aCONVERSION _b10 _c20130109 _lUCH01 _h1349 |
||
| 650 | 1 | 4 |
_aAcuicultura _xDirectorios. _9767 |
| 650 | 1 | 4 |
_aAcuicultura _zAfrica. _9782 |
| 650 | 1 | 4 |
_aPesca _xAfrica. _987354 |
| 650 | 1 | 4 |
_aPesca _xDirectorios. _987373 |
| 700 | 0 |
_aCollins, Jean _ecomp. _925284 |
|
| 700 | 0 |
_aKaba, Fodé Karim _ecomp. _962562 |
|
| 810 | 0 | _aFAO | |
| 830 | 0 | 0 |
_aDocumento técnico de pesca _v; 416 _933242 |
| 901 | _aBK | ||
| 905 | _aAlejandra carrasco M. | ||
| 942 | _cLIBRO | ||
| 949 |
_a639.2 F3 v.416 _bBC _cFAO _d33724000911137 _eFAO1 _gDonaciØn _h104167 _i99443 _sb |
||
| 999 |
_c87922 _d87922 |
||